000 00930nam a22002537a 4500
008 120914t xxu||||| |||| 00| 0 eng d
020 _a9-7819-0762-4216
082 _218 ed.
_a346.07 WAR
_b
100 _aWaring, Michael
_96617
245 _aCommercial dispute resolution 2011 /
_c Michael Waring
260 _aGuildford :
_bCollege of law publishing
_c2011
300 _axxiii. ; 265 p. :
_c30 cm.
500 _aIncludes Index
630 _2Commercial dispute resolution
650 _b
_96619
_a Dispute resolution (Law) -- Wales -- Handbooks, manuals, etc
650 _aCommercial dispute resolution
_96681
650 _aArbitration and award -- England -- Handbooks, manuals, etc
_96682
650 _aArbitration and award -- England -- Handbooks, manuals, etc
_96683
650 _aArbitration and award -- Wales -- Handbooks, manuals, etc
_96684
650 _2
650 _2
650 _2
942 _2ddc
_cBK
999 _c5170
_d5170